000 00272nam a2200097Ia 4500
001 1109681
005 20250827003541.0
008 250824s9999 xx 000 0 und d
245 0 _aYEDİNCİ GÜN BORDAMIZA VURAN DENİZ
_cORHAN HANÇERLİOĞLU
260 _bREMZİ KİTABEVİ
999 _c1109681
_d1109681